Statistiken für Welches Land passt nicht dazu?

Klicken Sie hier um das Quiz zu spielen!

Allgemein

  • Dieses Quiz wurde 270 mal gespielt
  • Das Durchschnittsergebnis liegt bei 9 aus 15

Antwortstatistiken

Antwort% Korrekt
Australien
96%
Katar
88%
Mexiko
82%
Schweden
80%
Bosnien und Herzegowina
78%
Andorra
73%
Armenien
67%
Burundi
60%
Vereinigte Arabische Emirate
59%
Jordanien
48%
Sri Lanka
44%
Jamaika
43%
Japan
33%
Norwegen
29%
Madagaskar
23%

Verteilung der Resultate

Perzentil nach korrekt beantworteten Fragen

Anzahl Personen mit jedem Resultat

Ihre Resultats-Entwicklung

Sie haben dieses Quiz noch nicht gespielt